[Event "ICS rated blitz match"]
[Site "204.178.125.65"]
[Date "2000.03.12"]
[Round "?"]
[White "undertaker1"]
[Black "Hossa"]
[Result "1-0"]
[WhiteElo "2567"]
[BlackElo "2512"]
[PlyCount "107"]

1. e4 Nf6 2. e5 Nd5 3. d4 d6 4. Nf3 Bg4 5. Be2 e6 6. O-O Be7 7. c4 Nb6 8. Nc3
O-O 9. Be3 d5 10. c5 Bxf3 11. gxf3 N6d7 12. b4 Kh8 13. Qd3 Nc6 14. b5 Na5 15.
Qd2 b6 16. c6 Nb8 17. Qc2 a6 18. a4 f6 19. exf6 gxf6 20. Kh1 Nc4 21. Bxc4 dxc4
22. Qe2 axb5 23. axb5 Rxa1 24. Rxa1 Bb4 25. Na2 Bd6 26. Rg1 Rg8 27. Rxg8+ Qxg8
28. Qxc4 f5 29. d5 e5 30. Bd2 Be7 31. Nb4 Qg7 32. Qa2 Bxb4 33. Bxb4 Qg5 34. Qa7
Qc1+ 35. Kg2 Qg5+ 36. Kf1 Nxc6 37. bxc6 Qc1+ 38. Be1 Qc4+ 39. Kg2 Qxd5 40. Qxc7
Qg8+ 41. Kh1 Qc4 42. Qxe5+ Kg8 43. Qe8+ Kg7 44. Kg2 Kh6 45. Bd2+ f4 46. Qd7 Kg6
47. c7 h6 48. c8=Q Qxc8 49. Qxc8 b5 50. Qe6+ Kg7 51. Bc3+ Kf8 52. Bf6 h5 53.
Qe7+ Kg8 54. Qg7# 1-0

[Event "ICS rated blitz match"]
[Site "204.178.125.65"]
[Date "2000.03.12"]
[Round "?"]
[White "Hossa"]
[Black "undertaker1"]
[Result "0-1"]
[WhiteElo "2499"]
[BlackElo "2580"]
[PlyCount "112"]

1. e4 e5 2. Nf3 Nc6 3. Nc3 Nf6 4. d4 exd4 5. Nxd4 Bb4 6. Nxc6 bxc6 7. Bd3 d5 8.
exd5 cxd5 9. O-O O-O 10. Bg5 c6 11. Qf3 Be7 12. h3 h6 13. Bf4 Bd6 14. Rfe1 Rb8
15. b3 Be6 16. Bxd6 Qxd6 17. a3 Rfe8 18. b4 c5 19. bxc5 Qxc5 20. Rab1 Qa5 21.
Qg3 Rxb1 22. Rxb1 a6 23. Na2 Ne4 24. Bxe4 dxe4 25. Nc3 Qxa3 26. Nxe4 Qxg3 27.
Nxg3 a5 28. Ra1 Ra8 29. Ra4 f5 30. c4 Bd7 31. Ra3 Kf7 32. Rf3 g6 33. Ne4 Bc6
34. Nd6+ Ke6 35. Rd3 Rd8 36. c5 f4 37. g3 g5 38. Rd1 a4 39. Rc1 fxg3 40. fxg3
Rf8 41. Rc2 a3 42. Nc4 Rf3 43. Kh2 Kd5 44. Na5 Ba4 45. Rc4 Be8 46. Rc2 Bg6 47.
Rc1 a2 48. c6 Bb1 49. c7 a1=Q 50. Rc5+ Kd4 51. c8=Q Rf2+ 52. Kg1 Rf1+ 53. Kxf1
Bd3+ 54. Kg2 Qf1+ 55. Kh2 Qf2+ 56. Kh1 Be4# 0-1

[Event "ICS rated blitz match"]
[Site "204.178.125.65"]
[Date "2000.03.12"]
[Round "?"]
[White "undertaker1"]
[Black "Hossa"]
[Result "1-0"]
[WhiteElo "2592"]
[BlackElo "2487"]
[PlyCount "91"]

1. e4 e5 2. Nf3 Nc6 3. Bb5 a6 4. Ba4 Nf6 5. O-O Be7 6. Re1 b5 7. Bb3 d6 8. c3
O-O 9. h3 Bb7 10. d4 Re8 11. Nbd2 Bf8 12. a3 h6 13. Bc2 Nb8 14. b4 Nbd7 15. Bb2
g6 16. c4 exd4 17. cxb5 axb5 18. Nxd4 c6 19. a4 bxa4 20. Bxa4 Qb6 21. Nc2 Ba6
22. Qf3 Bg7 23. Bb3 Ne5 24. Bxe5 dxe5 25. Qg3 Kf8 26. Bc4 Red8 27. Qc3 Bb7 28.
Rxa8 Bxa8 29. Nf3 Nh5 30. Ra1 Ng3 31. Ng5 Ne2+ 32. Bxe2 hxg5 33. Bc4 Qb7 34.
Qe3 Qe7 35. Ra7 Rd1+ 36. Kh2 Bb7 37. Qb6 Qf6 38. Rxb7 Qf4+ 39. g3 Qxe4 40.
Rxf7+ Ke8 41. Qb8+ Rd8 42. Qc7 Qh1+ 43. Kxh1 Rd1+ 44. Kh2 Bf6 45. Rf8+ Kxf8 46.
Qf7# 1-0

[Event "ICS rated blitz match"]
[Site "204.178.125.65"]
[Date "2000.03.12"]
[Round "?"]
[White "Hossa"]
[Black "undertaker1"]
[Result "0-1"]
[WhiteElo "2476"]
[BlackElo "2603"]
[PlyCount "158"]

1. c4 Nf6 2. Nc3 g6 3. Nf3 Bg7 4. e4 d6 5. d4 O-O 6. Be2 e5 7. dxe5 dxe5 8. Bg5
Nbd7 9. O-O c6 10. Qd6 h6 11. Bh4 Re8 12. Rfd1 g5 13. Bg3 Nh5 14. Bxe5 g4 15.
Bxg7 gxf3 16. Qxh6 Nxg7 17. Bxf3 Qf6 18. Qe3 Ne5 19. Be2 Ng4 20. Bxg4 Bxg4 21.
Rd2 Nh5 22. f3 Be6 23. b3 Qf4 24. Qf2 Qe5 25. Rc1 b6 26. Ne2 Rad8 27. Nd4 Bd7
28. Rcd1 Qg5 29. Rd3 Nf4 30. Qd2 Bc8 31. g3 Nh3+ 32. Kg2 Qg6 33. Kf1 Qf6 34.
Qe3 c5 35. Ne2 Rxd3 36. Qxd3 Be6 37. a3 Ng5 38. Nf4 Qb2 39. Rd2 Qxa3 40. h4 Nh7
41. Qc3 f6 42. Rd6 Kf7 43. Qc2 Qa1+ 44. Rd1 Qe5 45. Qd2 Nf8 46. h5 b5 47. Qa2
bxc4 48. bxc4 a5 49. Rc1 Qg5 50. Kf2 Ra8 51. Qb2 Rd8 52. Qc3 Rd4 53. Qxa5 Rxc4
54. Rxc4 Bxc4 55. Qa8 Nd7 56. Qc6 Ke7 57. Ng6+ Kd8 58. Qa8+ Kc7 59. Qa5+ Kd6
60. Nh4 Ke6 61. Qc3 Ba6 62. Nf5 Kf7 63. Qa5 Bd3 64. Qa2+ c4 65. Qa5 Qc1 66.
Qd5+ Ke8 67. Ng7+ Ke7 68. Qe6+ Kd8 69. Qg8+ Kc7 70. Ne8+ Kb6 71. Qe6+ Ka5 72.
Qd5+ Kb4 73. Qb7+ Kc3 74. Qxd7 Qd2+ 75. Kg1 Qe1+ 76. Kh2 Bf1 77. Kh1 Qf2 78.
Qh3 Bxh3 79. Nxf6 Qg2# 0-1

[Event "ICS rated blitz match"]
[Site "204.178.125.65"]
[Date "2000.03.12"]
[Round "?"]
[White "undertaker1"]
[Black "Hossa"]
[Result "0-1"]
[WhiteElo "2613"]
[BlackElo "2466"]
[PlyCount "128"]

1. e4 c5 2. Nf3 d6 3. d4 cxd4 4. Nxd4 Nf6 5. Nc3 a6 6. Bg5 e6 7. f4 Be7 8. Qf3
Qc7 9. O-O-O Nbd7 10. g4 b5 11. Bxf6 Nxf6 12. g5 Nd7 13. f5 Nc5 14. f6 gxf6 15.
gxf6 Bf8 16. Rg1 h5 17. Rg7 b4 18. Nd5 exd5 19. exd5 Bg4 20. Re1+ Kd8 21. Qf4
Kc8 22. Nc6 a5 23. Qc4 Qd7 24. h3 Bf3 25. Nd4 Bxg7 26. fxg7 Rg8 27. Nxf3 Rxg7
28. Ne5 Qe7 29. Nd3 Qc7 30. Nxb4 Qd7 31. Na6 Rg8 32. Nxc5 dxc5 33. Qxc5+ Qc7
34. Qf2 Kb8 35. Be2 Rg5 36. Bxh5 Rxh5 37. d6 Qc6 38. Qxf7 Rh8 39. Qb3+ Qb7 40.
c4 Qxb3 41. axb3 Rxh3 42. Kc2 Kb7 43. Rf1 Rh6 44. c5 Rc8 45. b4 axb4 46. Kb3
Rxc5 47. Rd1 Rh8 48. d7 Rd8 49. Kxb4 Kc6 50. b3 Rc2 51. Rd4 Rxd7 52. Rxd7 Kxd7
53. Kb5 Kc7 54. b4 Kb7 55. Ka4 Kb6 56. Kb3 Rc1 57. Kb2 Rc7 58. Kb3 Kb5 59. Ka3
Rc3+ 60. Ka2 Kxb4 61. Kb2 Rc4 62. Ka2 Kc3 63. Ka3 Kc2 64. Ka2 Ra4# 0-1

[Event "ICS rated blitz match"]
[Site "204.178.125.65"]
[Date "2000.03.12"]
[Round "?"]
[White "Hossa"]
[Black "undertaker1"]
[Result "0-1"]
[WhiteElo "2488"]
[BlackElo "2591"]
[PlyCount "114"]

1. e4 e5 2. Nf3 Nc6 3. Bb5 a6 4. Ba4 Nf6 5. O-O Be7 6. Re1 b5 7. Bb3 d6 8. c3
O-O 9. h3 Na5 10. Bc2 c5 11. d4 Qc7 12. Nbd2 cxd4 13. cxd4 Bb7 14. Nf1 Rac8 15.
Re2 d5 16. dxe5 Nxe4 17. Ng3 f5 18. exf6 Bxf6 19. Bxe4 dxe4 20. Nxe4 Qc6 21.
Rb1 Rfe8 22. Nxf6+ Qxf6 23. Ne1 Be4 24. Ra1 Nc4 25. Qb3 Bg6 26. Be3 Bh5 27. Rc2
Bf7 28. Qc3 Nxe3 29. Qxc8 Nxc2 30. Qxc2 Bxa2 31. Nf3 Bc4 32. Re1 Rxe1+ 33. Nxe1
a5 34. Qd2 h6 35. Qxa5 Qxb2 36. Qa8+ Kf7 37. Nf3 Qf6 38. Qb7+ Qe7 39. Ne5+ Ke6
40. Qe4 Bd5 41. Qe3 Qg5 42. Qxg5 hxg5 43. Nd3 Bc4 44. Nb4 Ke5 45. Na6 Kd4 46.
Kh2 Kc3 47. Nc5 b4 48. f4 gxf4 49. g3 Kd4 50. Na4 f3 51. Nb2 f2 52. Nxc4 f1=Q
53. Nb2 Qf2+ 54. Kh1 Qxb2 55. h4 Ke3 56. h5 Kf3 57. g4 Qg2# 0-1

[Event "ICS rated blitz match"]
[Site "204.178.125.65"]
[Date "2000.03.12"]
[Round "?"]
[White "undertaker1"]
[Black "Hossa"]
[Result "1-0"]
[WhiteElo "2602"]
[BlackElo "2477"]
[PlyCount "121"]

1. e4 c5 2. Nf3 d6 3. d4 cxd4 4. Nxd4 Nf6 5. Nc3 a6 6. Bg5 e6 7. f4 Nbd7 8. Qf3
Qc7 9. O-O-O b5 10. Bd3 Bb7 11. Rhe1 O-O-O 12. f5 e5 13. Nb3 h6 14. Be3 Be7 15.
Kb1 Kb8 16. g4 b4 17. Ne2 d5 18. Ng3 d4 19. Bf2 Rc8 20. Qe2 Nc5 21. Nxc5 Qxc5
22. Rh1 Rc7 23. h4 Qc6 24. Be1 Bd6 25. Bd2 Rhc8 26. g5 Ng8 27. Qf2 Bf8 28. Rhf1
hxg5 29. hxg5 Qa4 30. Rc1 Bc6 31. Rh1 Bb5 32. Qe2 Bxd3 33. Qxd3 Bd6 34. Rh7 Bf8
35. Nh5 Qc6 36. Rh8 g6 37. Rxg8 gxh5 38. g6 Qf6 39. Rg1 b3 40. axb3 Kb7 41. g7
Bxg7 42. R1xg7 Rxg8 43. Rxg8 Qh4 44. Rh8 Qh1+ 45. Bc1 f6 46. Qd2 Qf1 47. Rf8
Qb5 48. Rxf6 Rg7 49. Rh6 Rg4 50. f6 Rf4 51. Rh7+ Kb6 52. f7 Qc5 53. Qe2 Rf6 54.
Bg5 Qd6 55. Bxf6 Qxf6 56. Qc4 Qd6 57. f8=Q Qxf8 58. Qc7+ Kb5 59. Qb7+ Ka5 60.
Qd5+ Kb4 61. Rb7# 1-0

[Event "ICS rated blitz match"]
[Site "204.178.125.65"]
[Date "2000.03.12"]
[Round "?"]
[White "Hossa"]
[Black "undertaker1"]
[Result "0-1"]
[WhiteElo "2467"]
[BlackElo "2612"]
[PlyCount "146"]

1. e4 e5 2. Nf3 Nc6 3. Bb5 a6 4. Ba4 Nf6 5. O-O Be7 6. Re1 b5 7. Bb3 d6 8. c3
O-O 9. h3 Na5 10. Bc2 c5 11. d4 Qc7 12. Nbd2 cxd4 13. cxd4 Bb7 14. Nf1 Rac8 15.
Re2 d5 16. dxe5 Nxe4 17. Ng3 f5 18. exf6 Bxf6 19. Bxe4 dxe4 20. Nxe4 Qc6 21.
Rb1 Rfe8 22. Nxf6+ Qxf6 23. Ne1 Be4 24. Ra1 Nc4 25. Qb3 Bg6 26. Be3 Bh5 27. Rc2
Bf7 28. Qc3 Nxe3 29. Qxc8 Nxc2 30. Qxc2 Bxa2 31. Nf3 Bc4 32. Re1 Rxe1+ 33. Nxe1
a5 34. Qd2 h6 35. b3 Bxb3 36. Qxa5 Bc4 37. Nf3 Qf4 38. Qe1 Kh7 39. Ne5 Bd5 40.
Qe3 Qxe3 41. fxe3 b4 42. Nd3 b3 43. Kh2 h5 44. h4 Be4 45. Nb2 Kg6 46. Na4 Kf5
47. Kg3 g5 48. hxg5 Kxg5 49. Nb2 h4+ 50. Kh2 Kg4 51. Nc4 Bf5 52. Nb2 Kg5 53. g3
h3 54. e4 Bg4 55. Nd3 Kf6 56. Kg1 Be2 57. Nb2 Ke5 58. Kh2 Kd4 59. e5 Kc3 60.
Na4+ Kb4 61. Nb2 Ka3 62. e6 Kxb2 63. e7 Bh5 64. g4 Be8 65. Kxh3 Kc3 66. Kg3 b2
67. Kf4 b1=Q 68. g5 Bd7 69. Kf3 Qf5+ 70. Ke2 Qf4 71. e8=Q Bxe8 72. Ke1 Bb5 73.
g6 Qd2# 0-1

[Event "ICS rated blitz match"]
[Site "204.178.125.65"]
[Date "2000.03.12"]
[Round "?"]
[White "undertaker1"]
[Black "Hossa"]
[Result "0-1"]
[WhiteElo "2622"]
[BlackElo "2457"]
[PlyCount "84"]

1. e4 c5 2. Nf3 Nc6 3. d4 cxd4 4. Nxd4 Nf6 5. Nc3 d6 6. Bg5 e6 7. Qd2 a6 8.
O-O-O h6 9. Be3 Be7 10. f4 Nxd4 11. Bxd4 b5 12. Bd3 b4 13. Ne2 e5 14. Be3 Rb8
15. Ba7 Ra8 16. Bf2 Qa5 17. Kb1 Be6 18. a3 d5 19. Ng3 exf4 20. e5 Ng4 21. Nh5
Nxf2 22. Nxg7+ Kd7 23. Qxf2 bxa3 24. Bc4 axb2 25. Ba2 Rhg8 26. Nxe6 fxe6 27. c4
Qa4 28. Qe2 Rgc8 29. Rhf1 Ba3 30. Rxf4 Kc7 31. Rd3 Rab8 32. Rf7+ Kd8 33. Qg4
Be7 34. Rf1 Rb6 35. Qg8+ Kd7 36. Qg4 Rc5 37. Qh3 Ra5 38. Ra3 Bxa3 39. Bb3 Rxb3
40. Qxh6 Be7 41. Qxe6+ Kxe6 42. cxd5+ Rxd5 0-1

[Event "ICS rated blitz match"]
[Site "204.178.125.65"]
[Date "2000.03.12"]
[Round "?"]
[White "Hossa"]
[Black "undertaker1"]
[Result "1-0"]
[WhiteElo "2480"]
[BlackElo "2599"]
[PlyCount "139"]

1. d4 Nf6 2. c4 e6 3. Nc3 Bb4 4. e3 O-O 5. Bd3 d5 6. Nf3 c5 7. cxd5 exd5 8. O-O
c4 9. Bc2 Qe8 10. a3 Ba5 11. Bd2 Nc6 12. b3 cxb3 13. Bxb3 Be6 14. Nb5 Bxd2 15.
Qxd2 Ne4 16. Qd3 Rc8 17. Rfc1 Qe7 18. Ba2 Rfd8 19. Nc3 Nxc3 20. Rxc3 Qf6 21.
Rac1 Ne7 22. Qb5 b6 23. Qa6 Ra8 24. Rc7 Rdc8 25. Qb5 Rd8 26. Qa4 a5 27. Qb5 Bc8
28. Ne5 Qd6 29. Rxe7 Qxe7 30. Bxd5 Qxa3 31. Rd1 Rb8 32. Bxf7+ Kf8 33. Qc6 Qd6
34. Qe4 Bb7 35. Qf5 Qf6 36. Nd7+ Rxd7 37. Qxd7 Qe7 38. Qxe7+ Kxe7 39. Bc4 Bc6
40. d5 Bd7 41. Bd3 h6 42. e4 Kd6 43. f4 Rf8 44. e5+ Kc5 45. g3 Bg4 46. Rd2 b5
47. d6 Rf7 48. Bg6 Rd7 49. f5 Bf3 50. e6 Rxd6 51. Rc2+ Kb6 52. e7 Be4 53. e8=Q
Bxc2 54. Qb8+ Kc5 55. Qa7+ Kc6 56. Be8+ Kd5 57. Qb7+ Ke5 58. Qxb5+ Kf6 59. Qb2+
Kxf5 60. Qxc2+ Ke6 61. Qc4+ Ke5 62. Qc7 h5 63. Bf7 Kf6 64. Bb3 Re6 65. Qd8+ Kf5
66. Qd7 Kg5 67. Qxe6 h4 68. Bc2 hxg3 69. hxg3 a4 70. Qg6# 1-0

[Event "ICS rated bullet match"]
[Site "204.178.125.65"]
[Date "2000.03.12"]
[Round "?"]
[White "Hossa"]
[Black "undertaker1"]
[Result "0-1"]
[WhiteElo "2412"]
[BlackElo "2626"]
[PlyCount "138"]

1. e4 e5 2. Nf3 Nc6 3. Bb5 a6 4. Ba4 Nf6 5. O-O Be7 6. Re1 b5 7. Bb3 d6 8. c3
O-O 9. h3 Na5 10. Bc2 c5 11. d4 Qc7 12. Nbd2 cxd4 13. cxd4 Bb7 14. Nf1 Rac8 15.
Re2 d5 16. dxe5 Nxe4 17. Ng3 f5 18. exf6 Bxf6 19. Bxe4 dxe4 20. Nxe4 Qc6 21.
Rb1 Rfe8 22. Nxf6+ Qxf6 23. Re3 Nc4 24. Rxe8+ Rxe8 25. Nd2 Qg6 26. g3 Rd8 27.
Ra1 Qe4 28. Nxe4 Rxd1+ 29. Kg2 Bxe4+ 30. f3 Bd5 31. a4 bxa4 32. Kf2 Ne5 33. Ke3
Nxf3 34. Ke2 Rh1 35. Kd3 Bc6 36. h4 Rg1 37. h5 Kf7 38. Kc3 Rxg3 39. h6 gxh6 40.
Bxh6 Ke6 41. Be3 h5 42. Bf4 Rg4 43. Be3 Bb5 44. Kc2 h4 45. Rh1 Rg2+ 46. Kb1 Re2
47. Bf4 Re1+ 48. Rxe1+ Nxe1 49. Ka2 h3 50. Bc7 Nf3 51. Bf4 h2 52. Bxh2 Nxh2 53.
Ka3 Kd5 54. Ka2 Ng4 55. Ka1 Bd3 56. Ka2 Bc4+ 57. Ka3 Bb3 58. Kb4 Ne3 59. Kc3
Nd1+ 60. Kd2 Nxb2 61. Ke3 Nd1+ 62. Kf4 a3 63. Kf5 a2 64. Kf4 a1=Q 65. Kf3 Qf6+
66. Kg4 Nf2+ 67. Kg3 Bc4 68. Kg2 Qf4 69. Kg1 Qg3# 0-1

[Event "ICS rated blitz match"]
[Site "204.178.125.65"]
[Date "2000.03.12"]
[Round "?"]
[White "undertaker1"]
[Black "Hossa"]
[Result "1-0"]
[WhiteElo "2578"]
[BlackElo "2501"]
[PlyCount "105"]

1. e4 c5 2. Nf3 d6 3. d4 cxd4 4. Nxd4 Nf6 5. Nc3 a6 6. Bg5 e6 7. f4 Be7 8. Qf3
Qc7 9. O-O-O Nbd7 10. g4 b5 11. Bxf6 Nxf6 12. g5 Nd7 13. f5 Nc5 14. f6 gxf6 15.
gxf6 Bf8 16. Rg1 h5 17. a3 Bd7 18. Kb1 Rb8 19. b4 Nb7 20. Rg5 h4 21. Bh3 Qc4
22. Rd3 Rc8 23. Nce2 Qc7 24. Rh5 Rg8 25. Rxh4 Rg6 26. Rh7 a5 27. Rc3 Qd8 28.
Bxe6 fxe6 29. Qh5 Qxf6 30. Rxc8+ Nd8 31. Nf4 Bg7 32. Qxg6+ Qxg6 33. Nxg6 Bxc8
34. Rxg7 Nf7 35. Nxb5 axb4 36. axb4 e5 37. Nc7+ Kd8 38. Rxf7 Bb7 39. Ne6+ Kc8
40. Rc7+ Kb8 41. Rxb7+ Kxb7 42. Ne7 Ka6 43. c4 Kb7 44. h4 Ka6 45. c5 dxc5 46.
bxc5 Kb5 47. c6 Kc4 48. Kc2 Kb5 49. c7 Ka4 50. c8=Q Ka5 51. Qb7 Ka4 52. Nc5+
Ka5 53. Nc6# 1-0

[Event "ICS rated blitz match"]
[Site "204.178.125.65"]
[Date "2000.03.12"]
[Round "?"]
[White "Hossa"]
[Black "undertaker1"]
[Result "0-1"]
[WhiteElo "2488"]
[BlackElo "2591"]
[PlyCount "168"]

1. e4 e5 2. Nf3 Nc6 3. Bb5 a6 4. Ba4 Nf6 5. O-O Be7 6. Re1 b5 7. Bb3 d6 8. c3
O-O 9. h3 Na5 10. Bc2 c5 11. d4 Qc7 12. Nbd2 cxd4 13. cxd4 Bb7 14. Nf1 Rac8 15.
Re2 d5 16. dxe5 Nxe4 17. Ng3 f5 18. exf6 Bxf6 19. Bxe4 dxe4 20. Nxe4 Qc6 21.
Rb1 Rfe8 22. Nxf6+ Qxf6 23. Ne1 Be4 24. Ra1 Nc4 25. Qb3 Bg6 26. Be3 Bh5 27. Rc2
Bf7 28. Qb4 a5 29. Qc3 Nxe3 30. Qxc8 Nxc2 31. Qxc2 Bc4 32. Qc3 a4 33. Qxf6 gxf6
34. Nf3 Kf7 35. a3 Re2 36. Rb1 Bd3 37. Rd1 Be4 38. Rd7+ Ke8 39. Ra7 Rxb2 40.
Nd4 Bd3 41. Ne6 Rb1+ 42. Kh2 Rb3 43. Nc7+ Kd8 44. Nd5 f5 45. Rxh7 Rxa3 46. Rb7
Rb3 47. f3 a3 48. Ra7 Bc2 49. h4 Bb1 50. h5 f4 51. h6 Kc8 52. h7 Bxh7 53. Rxh7
Kb8 54. Ne7 a2 55. Nc6+ Kc8 56. Ra7 Rb2 57. Kh3 b4 58. g4 b3 59. Ne7+ Kd8 60.
Nc6+ Ke8 61. Ra8+ Kd7 62. Nb4 Rf2 63. Ra7+ Kc8 64. Nd5 Rxf3+ 65. Kh4 Kb8 66.
Ra4 b2 67. Rb4+ Kc8 68. Nb6+ Kc7 69. Na8+ Kc6 70. Rb6+ Kc5 71. Rxb2 a1=Q 72.
Nb6 Kc6 73. Nc4 Qe1+ 74. Kg5 Qe7+ 75. Kg6 Qe4+ 76. Kf6 Qxc4 77. Rh2 Re3 78. g5
Re6+ 79. Kf5 f3 80. Rc2 Qxc2+ 81. Kxe6 f2 82. Ke5 f1=Q 83. g6 Qcf5+ 84. Kd4
Q1d3# 0-1

[Event "ICS rated blitz match"]
[Site "204.178.125.65"]
[Date "2000.03.12"]
[Round "?"]
[White "undertaker1"]
[Black "Hossa"]
[Result "1-0"]
[WhiteElo "2602"]
[BlackElo "2477"]
[PlyCount "149"]

1. e4 e5 2. Nf3 Nc6 3. Bb5 Nf6 4. O-O Bc5 5. c3 O-O 6. d4 Bb6 7. Bg5 a6 8. Bxc6
dxc6 9. Nxe5 Re8 10. Qf3 h6 11. Bh4 c5 12. dxc5 Bxc5 13. Nxf7 Kxf7 14. Bxf6
gxf6 15. Qh5+ Kg7 16. Qxc5 Rxe4 17. Na3 Qe7 18. Qd5 Re2 19. Nc4 Rb8 20. Qf3 b5
21. Na5 Bd7 22. b4 Rg8 23. Nb3 Kh8 24. Nc5 Bc8 25. a4 bxa4 26. Rxa4 Re8 27.
Nxa6 Re1 28. Qd3 Rxf1+ 29. Qxf1 Qe5 30. Ra3 Bxa6 31. Qxa6 Qe1+ 32. Qf1 Qd2 33.
Ra1 Qxc3 34. b5 Qe5 35. Rd1 Qc3 36. Rb1 Qe5 37. Ra1 Kg7 38. Ra3 Qb2 39. Ra7 Re7
40. h3 Qb4 41. Ra1 h5 42. Rc1 Qd2 43. Qc4 Kh6 44. g3 Kg7 45. Ra1 Qb2 46. Ra8
Qb1+ 47. Kg2 Qf5 48. Qg8+ Kh6 49. Qh8+ Rh7 50. Qf8+ Kg6 51. Qe8+ Rf7 52. Rd8
Qe5 53. Qxe5 fxe5 54. Rg8+ Rg7 55. Rxg7+ Kxg7 56. Kf3 Kf6 57. g4 h4 58. Ke4 Ke6
59. g5 Kd6 60. g6 Ke6 61. g7 Kf7 62. Kxe5 Kxg7 63. f4 Kf7 64. f5 Ke7 65. f6+
Kd7 66. Kd5 Ke8 67. Ke6 Kd8 68. f7 Kc8 69. f8=Q+ Kb7 70. Qc5 Ka8 71. Kd7 Kb8
72. Qxc7+ Ka8 73. Qc8+ Ka7 74. Kd6 Kb6 75. Qa6# 1-0

[Event "ICS rated blitz match"]
[Site "204.178.125.65"]
[Date "2000.03.12"]
[Round "?"]
[White "Hossa"]
[Black "undertaker1"]
[Result "0-1"]
[WhiteElo "2467"]
[BlackElo "2612"]
[PlyCount "126"]

1. e4 e5 2. Nf3 Nc6 3. Bb5 a6 4. Ba4 Nf6 5. O-O Be7 6. Re1 b5 7. Bb3 d6 8. c3
O-O 9. h3 Na5 10. Bc2 c5 11. d4 Qc7 12. Nbd2 cxd4 13. cxd4 Bb7 14. Nf1 Rac8 15.
Re2 d5 16. dxe5 Nxe4 17. Ng3 f5 18. exf6 Bxf6 19. Bxe4 dxe4 20. Nxe4 Qc6 21.
Rb1 Rfe8 22. Nxf6+ Qxf6 23. Ne1 Be4 24. Ra1 Nc4 25. Qb3 Bg6 26. Be3 Bh5 27. Rc2
Bf7 28. Qc3 Nxe3 29. Qxc8 Nxc2 30. Qxc2 Bxa2 31. Nf3 Bc4 32. Re1 Rxe1+ 33. Nxe1
a5 34. Qd2 h6 35. Nf3 g5 36. Qd4 Qxd4 37. Nxd4 a4 38. Nc6 Kf7 39. h4 Ke6 40.
Kh2 Kd6 41. Nd4 Ke5 42. Nc2 g4 43. Ne3 Kf4 44. g3+ Kf3 45. Kg1 Bd3 46. Nd5 Ke2
47. Nf6 b4 48. Nd5 a3 49. bxa3 bxa3 50. Nb4 Kd2 51. f3 gxf3 52. Kf2 Bc4 53. g4
Kc3 54. Nc6 a2 55. Ne5 a1=Q 56. Nxc4 Qd1 57. Kg3 Kxc4 58. g5 Qe2 59. g6 f2 60.
g7 Kd3 61. h5 f1=Q 62. g8=Q Qff2+ 63. Kh3 Qxh5# 0-1

[Event "ICS rated blitz match"]
[Site "204.178.125.65"]
[Date "2000.03.12"]
[Round "?"]
[White "TolkienX"]
[Black "Hossa"]
[Result "1-0"]
[WhiteElo "2603"]
[BlackElo "2467"]
[PlyCount "99"]

1. e4 c5 2. Nf3 Nc6 3. d4 cxd4 4. Nxd4 Nf6 5. Nc3 d6 6. Bg5 e6 7. Qd2 a6 8.
O-O-O h6 9. Be3 Be7 10. f4 Nxd4 11. Bxd4 b5 12. Bd3 b4 13. Ne2 Qa5 14. Kb1 e5
15. Bf2 Be6 16. a3 d5 17. f5 dxe4 18. fxe6 exd3 19. axb4 dxc2+ 20. Qxc2 Qb5 21.
Nc3 Qc6 22. exf7+ Kxf7 23. Rhe1 Qe6 24. Bg3 Bd6 25. Ne4 Bxb4 26. Nc5 Rac8 27.
Nxe6 Rxc2 28. Nd8+ Rxd8 29. Rxd8 Bxe1 30. Kxc2 Bxg3 31. hxg3 Ne4 32. Rd3 Kf6
33. Ra3 Kg5 34. b4 Kf5 35. Rxa6 Nxg3 36. b5 Ne4 37. Rc6 Ng3 38. b6 Ne2 39. Rc8
Nf4 40. b7 Nxg2 41. b8=Q Ne3+ 42. Kd2 Ng4 43. Qc7 g6 44. Qf7+ Kg5 45. Rg8 Kh4
46. Qxg6 h5 47. Qg5+ Kg3 48. Qxh5 e4 49. Qxg4+ Kh2 50. Rh8# 1-0

[Event "ICS rated blitz match"]
[Site "204.178.125.65"]
[Date "2000.03.12"]
[Round "?"]
[White "Hossa"]
[Black "ljb"]
[Result "1/2-1/2"]
[WhiteElo "2462"]
[BlackElo "2221"]
[PlyCount "85"]

1. d4 d5 2. c4 e6 3. Nc3 c6 4. Nf3 Nf6 5. Bg5 Be7 6. e3 O-O 7. Bd3 h6 8. Bh4
Nbd7 9. O-O b6 10. cxd5 cxd5 11. Qc2 Bb7 12. Rfc1 a6 13. Ne5 Rc8 14. Nxd7 Nxd7
15. Bg3 b5 16. a3 Nb6 17. Bf4 Bd6 18. Bxd6 Qxd6 19. Re1 Na4 20. Qb3 Nxc3 21.
bxc3 Rc7 22. a4 Rfc8 23. axb5 Rxc3 24. Qb1 axb5 25. Qxb5 Qc6 26. Qb1 Kf8 27.
Bb5 Qd6 28. Qh7 Qb4 29. Ba4 Qb2 30. g4 Rc1 31. Raxc1 Rxc1 32. Qh8+ Ke7 33. Rxc1
Qxc1+ 34. Kg2 Ba6 35. h4 Qf1+ 36. Kg3 Qg1+ 37. Kf3 Qh1+ 38. Kg3 Qg1+ 39. Kf3
Qh1+ 40. Kg3 Qg1+ 41. Kf3 Qh1+ 42. Kg3 Qg1+ 43. Kf3 1/2-1/2

[Event "ICS rated blitz match"]
[Site "204.178.125.65"]
[Date "2000.03.12"]
[Round "?"]
[White "ljb"]
[Black "Hossa"]
[Result "0-1"]
[WhiteElo "2231"]
[BlackElo "2452"]
[PlyCount "40"]

1. e4 e5 2. Nf3 Nc6 3. c4 Nf6 4. d3 Bc5 5. Be2 d6 6. O-O O-O 7. h3 Nd7 8. Nc3
f5 9. a3 Nd4 10. Nxd4 exd4 11. Nd5 fxe4 12. dxe4 a5 13. Bd3 Ne5 14. Kh1 c6 15.
Nf4 Qh4 16. g3 Qh6 17. h4 g5 18. Ng2 Qe6 19. f4 Qh3+ 20. Kg1 Ng4 0-1

[Event "ICS rated blitz match"]
[Site "204.178.125.65"]
[Date "2000.03.12"]
[Round "?"]
[White "Hossa"]
[Black "ljb"]
[Result "1-0"]
[WhiteElo "2459"]
[BlackElo "2224"]
[PlyCount "69"]

1. e4 e6 2. d4 d5 3. Nc3 Nf6 4. e5 Nfd7 5. f4 c5 6. Nf3 Nc6 7. Be3 a6 8. Qd2 c4
9. f5 Be7 10. O-O-O O-O 11. Be2 b5 12. fxe6 fxe6 13. Rdf1 b4 14. Nd1 h6 15. g4
a5 16. g5 h5 17. g6 a4 18. Nf2 b3 19. a3 bxc2 20. Qxc2 Qb6 21. Nd1 Qb3 22. Qxb3
axb3 23. Nc3 Bb7 24. Nd2 h4 25. Bg4 Nd8 26. Nf3 Nb6 27. Bg5 Re8 28. Bxh4 Bxh4
29. Nxh4 Na4 30. Nb5 Re7 31. Rf2 Ba6 32. Rhf1 Nc6 33. Nc7 Rae8 34. Nxe8 Rxe8
35. Bxe6+ 1-0

[Event "ICS rated blitz match"]
[Site "204.178.125.65"]
[Date "2000.03.12"]
[Round "?"]
[White "ljb"]
[Black "Hossa"]
[Result "1-0"]
[WhiteElo "2217"]
[BlackElo "2466"]
[PlyCount "127"]

1. e4 e5 2. Nf3 Nc6 3. Bc4 Nf6 4. d3 Bc5 5. O-O d6 6. Bg5 Bg4 7. h3 Bxf3 8.
Qxf3 Nd4 9. Qd1 b5 10. Bb3 a5 11. c3 Nxb3 12. axb3 c6 13. Qf3 h6 14. Bxf6 Qxf6
15. Qxf6 gxf6 16. b4 Bb6 17. bxa5 Rxa5 18. Rxa5 Bxa5 19. Nd2 Bb6 20. Ra1 Bc7
21. Ra8+ Bd8 22. Nf3 h5 23. Nh4 Kd7 24. Nf5 Rg8 25. g3 Rh8 26. Kg2 Rg8 27. Kf3
Rh8 28. Kg2 Rg8 29. f3 Rh8 30. h4 Re8 31. Kh3 Rh8 32. g4 hxg4+ 33. fxg4 Re8 34.
h5 Rf8 35. h6 Rh8 36. Kh4 Rh7 37. Kh5 Rh8 38. b3 Rh7 39. Ng7 Bb6 40. Nf5 Bd8
41. Nxd6 Kxd6 42. Rxd8+ Ke7 43. Rg8 c5 44. Rg7 Rh8 45. h7 b4 46. cxb4 cxb4 47.
Kh6 Kf8 48. g5 fxg5 49. Rxg5 Rxh7+ 50. Kxh7 f6 51. Rg7 Ke8 52. Kg6 Kd8 53. Kxf6
Kc8 54. Kxe5 Kd8 55. Kf6 Kc8 56. e5 Kb8 57. e6 Kc8 58. Rd7 Kb8 59. d4 Kc8 60.
Ke5 Kb8 61. Kd5 Kc8 62. Kd6 Kb8 63. e7 Kc8 64. e8=Q# 1-0